<?xml version="1.0" encoding="UTF-8"?>
<collection xmlns="http://www.loc.gov/MARC21/slim">
    <record>
        <controlfield tag="001">46508</controlfield>
        <controlfield tag="005">20170831220541.0</controlfield>
        <datafield tag="037" ind1=" " ind2=" ">
            <subfield code="a">GDOC-2010-0965</subfield>
        </datafield>
        <datafield tag="041" ind1=" " ind2=" ">
            <subfield code="a">spa</subfield>
        </datafield>
        <datafield tag="100" ind1=" " ind2=" ">
            <subfield code="0">(orcid)0000-0001-7831-2483</subfield>
            <subfield code="a">Quílez Cinca, Joaquín</subfield>
        </datafield>
        <datafield tag="245" ind1="0" ind2="0">
            <subfield code="9">62146</subfield>
            <subfield code="a">[Módulo 3] Zoonosis parasitarias</subfield>
        </datafield>
        <datafield tag="260" ind1=" " ind2=" ">
            <subfield code="a">Zaragoza</subfield>
            <subfield code="b">Universidad de Zaragoza</subfield>
            <subfield code="c">2010-2011</subfield>
        </datafield>
        <datafield tag="520" ind1=" " ind2=" ">
            <subfield code="a">La asignatura de Zoonosis Parasitarias pretende que el estudiante aprenda a manejar los conocimientos mas actualizados de estas enfermedades para que sea capaz de establecer medidas de lucha frente a sus agentes etiológicos. Constituye, por tanto, junto con la asignatura “Garrapatas y Enfermedades Transmitidas” un proyecto común para que el alumno profundice en las Zoonosis Parasitarias mas importantes. Las dos asignaturas se imparten profundamente coordinadas en sus contenidos y planificación, estableciendo actividades transversales en la docencia práctica y exposición de trabajos.</subfield>
        </datafield>
        <datafield tag="521" ind1=" " ind2=" ">
            <subfield code="9">626</subfield>
            <subfield code="a">Máster Universitario en Iniciación a la Investigación en Ciencias Veterinarias</subfield>
        </datafield>
        <datafield tag="540" ind1=" " ind2=" ">
            <subfield code="a">by-nc-sa</subfield>
            <subfield code="b">Creative Commons</subfield>
            <subfield code="c">3.0</subfield>
            <subfield code="u">http://creativecommons.org/licenses/by-nc-sa/3.0/</subfield>
        </datafield>
        <datafield tag="700" ind1=" " ind2=" ">
            <subfield code="0">(orcid)0000-0002-9453-7655</subfield>
            <subfield code="a">Cacho Malo, Emilio del</subfield>
        </datafield>
        <datafield tag="700" ind1=" " ind2=" ">
            <subfield code="0">(orcid)0000-0002-3532-0384</subfield>
            <subfield code="a">Sánchez Acedo, María de la Caridad</subfield>
        </datafield>
        <datafield tag="700" ind1=" " ind2=" ">
            <subfield code="0">(orcid)0000-0001-7483-046X</subfield>
            <subfield code="a">Estrada Peña, Agustín</subfield>
        </datafield>
        <datafield tag="830" ind1=" " ind2=" ">
            <subfield code="9">343</subfield>
        </datafield>
        <datafield tag="856" ind1="4" ind2=" ">
            <subfield code="s">81176</subfield>
            <subfield code="u">http://zaguan.unizar.es/record/46508/files/guia.pdf</subfield>
            <subfield code="y">Guía (idioma español)</subfield>
        </datafield>
        <datafield tag="980" ind1=" " ind2=" ">
            <subfield code="a">GDOC</subfield>
            <subfield code="b">Ciencias de la salud</subfield>
            <subfield code="c">105</subfield>
        </datafield>
    </record>

    
</collection>